Atypical Episodes - Statistics

General Stats
  • This quiz has been taken 4 times
  • The average score is 12 of 38
Answer Stats
Hint Answer % Correct
S01E01 Antarctica
67%
S01E03 Julia Says
67%
S01E02 A Human Female
33%
S01E04 A Nice Neutral Smell
33%
S03E01 Best Laid Plans
33%
S03E03 Cocaine Pills and Pony Meat
33%
S04E05 Dead Dreams
33%
S02E10 Ernest Shackleton's Rules for Survival
33%
S01E07 I Lost My Poor Meatball
33%
S02E06 In the Dragon's Lair
33%
S02E01 Juiced!
33%
S02E03 Little Dude and the Lion
33%
S02E08 Living at an Angle
33%
S04E01 Magical Bird #1
33%
S04E08 Magical Bird #2
33%
S04E02 Master of Penguins
33%
S03E05 Only Tweed
33%
S02E04 Pants on Fire
33%
S02E02 Penguin Cam and Chill
33%
S02E09 Ritual-licious
33%
S03E08 Road Rage Paige
33%
S03E09 Sam Takes a Walk
33%
S03E10 Searching for Brown Sugar Man
33%
S03E07 Shrinkage
33%
S03E02 Standing Sam
33%
S04E04 Starters and Endings
33%
S01E05 That's My Sweatshirt!
33%
S01E06 The D-Train to Bone Town
33%
S02E05 The Egg Is Pipping
33%
S03E06 The Essence of a Penguin
33%
S01E08 The Silencing Properties of Snow
33%
S02E07 The Smudging
33%
S03E04 Y.G.A.G.G
33%
S04E03 You Say You Want a Revolution
33%
S04E06 Are You in Fair Health?
0%
S04E07 Channel the Cat
0%
S04E10 Dessert at Olive Garden
0%
S04E09 Player's Ball
0%
No matching quizzes found
Score Distribution
Percent of People with Each Score
Percentile by Number Answered
Your Score History
You have not taken this quiz